000 00680nam a2200253Ia 4500
003 OSt
005 20220918165536.0
006 a|||||r|||| 00| 0
007 ta
008 220917b |||||||| |||| 00| 0 eng d
020 _a8125909176 (hbk)
024 _a194,081
037 _cTextual
040 _aARTS
_cARTS
_beng
041 _2eng
_aeng
082 _aY15.2, P0
100 _aChar Srijaya
_924673
245 0 _aIndian womanhood
_b warped in contradictions
260 _aNew Delhi
_bVikas publishing house Pvt. Ltd.
_c2000
300 _axiii;98p.
_ccm.
650 _aSOCIOLOGY
942 _hY15.2, P0
_cTEXL
_2CC
999 _c130283
_d130283